Bulletin of labour statistics

Na minha lista:
Detalhes bibliográficos
Formato: Periódico
Idioma:inglês
francês
espanhol
Publicado em: Geneva International Labour Office
Assuntos:
Tags: Adicionar Tag
Sem tags, seja o primeiro a adicionar uma tag!

MARC

LEADER 00000nas1a22000001 4500
001 s120089
005 20230403072620.4
022 |a 0007-4950 
041 0 |a eng 
041 0 |a fre 
041 0 |a spa 
044 |a CH 
245 1 0 |a Bulletin of labour statistics 
264 1 |a Geneva  |b International Labour Office 
610 2 0 |a práca 
610 2 0 |a zamestnanosť 
610 2 0 |a údaje štatistické